LIBRARY & INFORMATION CENTRE, KCAET, TAVANUR

ONLINE PUBLIC ACCESS CATALOGUE (OPAC)

Anudan / (Record no. 8455)

MARC details
000 -LEADER
fixed length control field 00415cam a2200181ua 4500
041 ## - LANGUAGE CODE
Language code of text/sound track or separate title hin
082 ## - DEWEY DECIMAL CLASSIFICATION NUMBER
Classification number 891.54
Item number VAN/AN
100 ## - MAIN ENTRY--AUTHOR NAME
Personal name Vanphool, .
245 ## - TITLE STATEMENT
Title Anudan /
250 ## - EDITION STATEMENT
Edition statement 1 /
260 ## - PUBLICATION, DISTRIBUTION, ETC. (IMPRINT)
Place of publication Calcutta :
Name of publisher Bangeya hindi parishat ,
Year of publication 1963.
300 ## - PHYSICAL DESCRIPTION
Number of Pages 186 ; .
942 ## - ADDED ENTRY ELEMENTS (KOHA)
Koha item type Books
Holdings
Withdrawn status Lost status Damaged status Home library Current library Date acquired Full call number Accession Number Koha item type
Withdrawn Lost and Paid For   KAUAET KAUAET 07/04/2012 891.54 7295 Books
free website counter